| 000 | 01013nam a2200241 a 4500 | ||
|---|---|---|---|
| 001 | BRCA_123 | ||
| 005 | 20190320202906.0 | ||
| 008 | 890808s1987 mx-a---##b---f000-0#spa-# | ||
| 020 | _a9682915880 | ||
| 040 |
_aDLC _cDLC _dDLC |
||
| 050 | 4 |
_aN6555 _b.A78 2 _c1987 |
|
| 100 | 1 |
_aGonzález Matute, Laura _9484 |
|
| 245 | 1 | 0 |
_aEscuelas de pintura al aire libre y centros populares de pintura _cLaura González Matute. |
| 260 |
_aMéxico _bINBA : Centro Nacional de Investigación, Documentación e Información de Artes Plásticas (CENIDIAP) : Dirección de Investigación y Documentación de las Artes _c1987 |
||
| 300 |
_a186 p. _bil. _c21 cm. |
||
| 440 | 0 |
_aColección Artes plásticas. _pSerie Investigación y documentación de las artes _v2 _9485 |
|
| 504 | _aBibliografía: p. 169-186 | ||
| 650 | 1 | 4 |
_aArtes visuales _ySiglo XX y XXI _9486 |
| 650 | 1 | 4 |
_aEscuelas de arte _xHistoria _ySiglo XX _zMéxico _9487 |
| 650 | 1 | 4 |
_aArte _xEstudio y enseñanza _ySiglo XX _zMéxico _9488 |
| 653 | 0 | _aPlenairismo | |
| 942 |
_2lcc _cB |
||
| 999 |
_c107 _d107 |
||